| 000 | 00898nam a2200229 4500 | ||
|---|---|---|---|
| 005 | 20210816175655.0 | ||
| 008 | 210816s1994 pe bd||fr|||| 001 0 spa d | ||
| 040 |
_aCENDOC CAAAP _bspa _cCAAAP |
||
| 041 | _aspa | ||
| 050 |
_aHA 1068.A5c _bP45 1993 |
||
| 245 |
_aEstadísticas demográficas : _bLoreto - Ucayali 1940-1981 |
||
| 250 | _a1ra ed. | ||
| 260 |
_aLima: _bINEI, _c1984 |
||
| 300 |
_a110 p.: _bmapas, gráficas ; _c32 cm. |
||
| 505 | _aContiene: Introducción -- Consideraciones para la proyección de la población -- Índice de título -- Estadísticas demográficas continuas -- Población económicamente activa -- Proyecciones de la población urbana y rural. | ||
| 650 | 1 | 0 |
_9496 _aDemografía |
| 650 | 2 | 0 |
_91407 _aCensos |
| 650 | 2 | 0 |
_93296 _aPoblación |
| 651 | 1 | 0 |
_977 _aLoreto |
| 651 | 1 | 0 |
_967 _aUcayali (Perú : Departamento) _xCondiciones sociales |
| 942 |
_2lcc _b16 - 08 - 21 _cBK |
||
| 999 |
_c2208 _d2208 |
||